Dispute resolution mechanism for the belt and road initiative/ (Record no. 587864)

000 -LEADER
fixed length control field 00449nam a22001337a 4500
020 ## - INTERNATIONAL STANDARD BOOK NUMBER
International Standard Book Number 978-7308197441
040 ## - CATALOGING SOURCE
Transcribing agency NIT (SCEE)
082 ## - DEWEY DECIMAL CLASSIFICATION NUMBER
Classification number 347.5109; WAN
100 ## - MAIN ENTRY--PERSONAL NAME
Personal name Wang, Guiguo
9 (RLIN) 83124
245 ## - TITLE STATEMENT
Title Dispute resolution mechanism for the belt and road initiative/
Statement of responsibility, etc. Guiguo Wang; Yuk Lun Lee; Priscilla Mei-fun Leung
260 ## - PUBLICATION, DISTRIBUTION, ETC.
Place of publication, distribution, etc. Gateway East, Singapore :
Name of publisher, distributor, etc. Zhejiang University Press : Springer,
Date of publication, distribution, etc. 2020.
300 ## - PHYSICAL DESCRIPTION
Extent 240p. ;
942 ## - ADDED ENTRY ELEMENTS (KOHA)
Source of classification or shelving scheme
Koha item type Book
Holdings
Withdrawn status Lost status Source of classification or shelving scheme Damaged status Not for loan Permanent Location Current Location Date acquired Total Checkouts Full call number Barcode Date last seen Price effective from Koha item type Public note
          School of Civil and Environmental Engineering (SCEE) School of Civil and Environmental Engineering (SCEE) 02/14/2022   347.5109; WAN NIT-13504 02/14/2022 02/14/2022 Book Chinese Donation
© 2023 Central Library, National University of Sciences and Technology. All Rights Reserved.